| 000 | 01231nam a2200421 i 4500 | ||
|---|---|---|---|
| 001 | 5734 | ||
| 003 | KOSZ 005 | ||
| 005 | 20190910104015.0 | ||
| 008 | 970612s1990 pl a f f |000 0 pol | ||
| 015 | _aPB 1991/9824 | ||
| 020 | _a8385237003 | ||
| 035 | _a991001971579705066 | ||
| 035 | _a(PL-WaBN)b10551104-48omnis_nlop | ||
| 035 | _ab10551104 | ||
| 035 | _a(OCoLC)69469558 | ||
| 035 | _a(PL)b0000001055110 | ||
| 035 | _a(EXLNZ-48OMNIS_NETWORK)9910374431805606 | ||
| 040 |
_aWA N _cWA N _dKOSZ 005/EC |
||
| 041 | _apol | ||
| 046 | _k1990 | ||
| 080 | _a336.71 | ||
| 080 | _a336.76 | ||
| 080 | _a(07) | ||
| 100 | 1 |
_aŚwiątkowski, Andrzej. _eAutor |
|
| 245 | 1 | 0 |
_aPodręcznik polskiego dealer`a / _cAndrzej Świątkowski. |
| 260 |
_aWarszawa : _b"Sorbog", _c1990 _e(Warsz. : _f"Sorbog"). |
||
| 300 |
_a210 s. : _bfaks., rys., err. ; _c21 cm. |
||
| 380 | _aKsiążki | ||
| 388 | _a1901-2000 | ||
| 388 | _a1989-2000 | ||
| 650 | 4 | _aBanki | |
| 655 | 4 | _aPodręczniki | |
| 658 | 4 | _aGospodarka, ekonomia, finanse | |
| 710 | 2 |
_4pbl. _aPrzedsiębiorstwo Wielobranżowe Produkcyjno-Usługowe SORBOG Sp. z o.o. |
|
| 856 | _yKatalog online BPK | ||
| 942 |
_2UKD _cKS |
||
| 999 |
_c5734 _d5734 |
||